Racionalizace materiálových toků v oběhu

Guardado en:
Detalles Bibliográficos
Autor principal: Jílek, Vladimír
Formato: Libro
Lenguaje:checo
Publicado: Praha Státní nakladatelství technické literatury 1986
Etiquetas: Agregar Etiqueta
Sin Etiquetas, Sea el primero en etiquetar este registro!

MARC

LEADER 00000nam a2200000 4500
001 c024897
005 20250930105200.1
041 0 |a cze 
044 |a CZ 
245 1 0 |a Racionalizace materiálových toků v oběhu  |c Vladimír Jílek 
264 1 |a Praha  |b Státní nakladatelství technické literatury  |c 1986 
300 |a 149 s. 
100 1 |a Jílek, Vladimír